banner-ar

مقدمة تفسير ابن النقيب فى علم البيان / (Record no. 44352)

MARC details
000 -الفاتح
حقل البيانات ثابتة الطول 00842nam a2200205Ia 4500
008 - عناصر البيانات ثابتة الطول - معلومات عامة
حقل البيانات ثابتة الطول 140319s9999 xx 000 0 ara d
040 ## - مصدر الفهرسة
وكالة الفهرسة الأصلية GCL /
وكالة النسخ GCL
082 04 - رقم تصنيف ديوى العشرى
رقم التصنيف 414.5
رقم المادة ن م
100 1# - المدخل الرئيسى - إسم شخصى
الإسم الشخصى ابن قيم الجوزية: شمس الدين ابو عبدالله محمد بن ابى بكر
245 10 - بيان العنوان
العنوان مقدمة تفسير ابن النقيب فى علم البيان /
بيان المسئوليه,etc ابن قيم الجوزية: شمس الدين ابو عبدالله محمد بن ابى بكر
700 1# - المدخل الاضافى - اسم شخصى
الإسم الشخصى ابن النقيب : جمال الدين ابو عبدالله محمد بن سليمان بن الحسين البلخى
700 1# - المدخل الاضافى - اسم شخصى
الإسم الشخصى زكريا سعيد على
300 ## - الوصف المادى
التعداد 687 ص
490 ## - بيان السلسلة
عنوان السلسلة 100 قصة
رقم المجلد/ التعيين التسلسلي 0
650 04 - المدخل الاضافى بالموضوع-مصطلح موضوعى
مصطلح موضوعي اللغة العربية
650 04 - المدخل الاضافى بالموضوع-مصطلح موضوعى
مصطلح موضوعي البلاغة
650 04 - المدخل الاضافى بالموضوع-مصطلح موضوعى
مصطلح موضوعي البيان
942 ## - عناصر المدخل الإضافي( كوها)
مصدر التصنيف او مخطط الترفيف Dewey Decimal Classification
Koha [default] item type كتاب
Holdings
حالة التراجع حالة الفقد حالة تلف ليس للاعارة المكان المؤقت الموقع الحالى تاريخ الاكتساب اجمالي اﻻعارات رقم الطلب الباركود تاريخ اخر مشاهدة تاريخ تفعيل السعر نوع وعاء كوها
        مكتبة القاهرة الكبرى مكتبة القاهرة الكبرى 03/26/2014   414.5\ن م 108127 03/26/2014 03/26/2014 كتاب
        مكتبة القاهرة الكبرى مكتبة القاهرة الكبرى 03/26/2014   414.5\ن م 108128 03/26/2014 03/26/2014 كتاب
        مكتبة القاهرة الكبرى مكتبة القاهرة الكبرى 03/26/2014   414.5\ن م 108129 03/26/2014 03/26/2014 كتاب

Powered By

EGPV